<?xml version="1.0" encoding="UTF-8"?>
<record
    xmlns:xsi="http://www.w3.org/2001/XMLSchema-instance"
    xsi:schemaLocation="http://www.loc.gov/MARC21/slim http://www.loc.gov/standards/marcxml/schema/MARC21slim.xsd"
    xmlns="http://www.loc.gov/MARC21/slim">

  <leader>00380nam a22001457a 4500</leader>
  <controlfield tag="008">241109b        |||||||| |||| 00| 0 eng d</controlfield>
  <datafield tag="020" ind1=" " ind2=" ">
    <subfield code="a">978-93-560-6162-0</subfield>
  </datafield>
  <datafield tag="100" ind1=" " ind2=" ">
    <subfield code="a">B. Slatkin</subfield>
  </datafield>
  <datafield tag="245" ind1=" " ind2=" ">
    <subfield code="a">Effective Python: 90 Specific Ways to Write Better Python 2nd Ed.</subfield>
  </datafield>
  <datafield tag="250" ind1=" " ind2=" ">
    <subfield code="a">2nd Ed.</subfield>
  </datafield>
  <datafield tag="260" ind1=" " ind2=" ">
    <subfield code="a">Noida</subfield>
    <subfield code="b">Pearson Pub</subfield>
    <subfield code="c">2022</subfield>
  </datafield>
  <datafield tag="300" ind1=" " ind2=" ">
    <subfield code="a">397</subfield>
  </datafield>
  <datafield tag="650" ind1=" " ind2=" ">
    <subfield code="a">CSE</subfield>
  </datafield>
  <datafield tag="942" ind1=" " ind2=" ">
    <subfield code="2">ddc</subfield>
    <subfield code="c">BK</subfield>
  </datafield>
  <datafield tag="999" ind1=" " ind2=" ">
    <subfield code="c">21011</subfield>
    <subfield code="d">21011</subfield>
  </datafield>
  <datafield tag="952" ind1=" " ind2=" ">
    <subfield code="p">BE 24880</subfield>
    <subfield code="g">660.00</subfield>
    <subfield code="i">26-10-2024</subfield>
    <subfield code="l">0</subfield>
    <subfield code="e">ABD Publisher</subfield>
    <subfield code="r">2024-11-09 00:00:00</subfield>
    <subfield code="w">2024-11-09</subfield>
    <subfield code="y">BK</subfield>
    <subfield code="0">0</subfield>
    <subfield code="4">0</subfield>
    <subfield code="7">1</subfield>
    <subfield code="a">MIETLIB</subfield>
    <subfield code="b">MIETLIB</subfield>
    <subfield code="c">77/4</subfield>
    <subfield code="d">2024-11-26</subfield>
    <subfield code="1">0</subfield>
    <subfield code="H">BE</subfield>
  </datafield>
  <datafield tag="952" ind1=" " ind2=" ">
    <subfield code="p">BE 24881</subfield>
    <subfield code="g">660.00</subfield>
    <subfield code="i">26-10-2024</subfield>
    <subfield code="l">1</subfield>
    <subfield code="e">ABD Publisher</subfield>
    <subfield code="r">2025-08-20 00:00:00</subfield>
    <subfield code="s">2025-06-17</subfield>
    <subfield code="w">2024-11-09</subfield>
    <subfield code="y">BK</subfield>
    <subfield code="0">0</subfield>
    <subfield code="4">0</subfield>
    <subfield code="7">0</subfield>
    <subfield code="a">MIETLIB</subfield>
    <subfield code="b">MIETLIB</subfield>
    <subfield code="c">197/5</subfield>
    <subfield code="d">2024-11-26</subfield>
    <subfield code="1">0</subfield>
    <subfield code="H">BE</subfield>
  </datafield>
  <datafield tag="952" ind1=" " ind2=" ">
    <subfield code="p">BE 24882</subfield>
    <subfield code="g">660.00</subfield>
    <subfield code="i">26-10-2024</subfield>
    <subfield code="l">0</subfield>
    <subfield code="e">ABD Publisher</subfield>
    <subfield code="r">2024-11-09 00:00:00</subfield>
    <subfield code="w">2024-11-09</subfield>
    <subfield code="y">BK</subfield>
    <subfield code="0">0</subfield>
    <subfield code="4">0</subfield>
    <subfield code="7">0</subfield>
    <subfield code="a">MIETLIB</subfield>
    <subfield code="b">MIETLIB</subfield>
    <subfield code="c">197/5</subfield>
    <subfield code="d">2024-11-26</subfield>
    <subfield code="1">0</subfield>
    <subfield code="H">BE</subfield>
  </datafield>
  <datafield tag="952" ind1=" " ind2=" ">
    <subfield code="p">BE 24883</subfield>
    <subfield code="g">660.00</subfield>
    <subfield code="i">26-10-2024</subfield>
    <subfield code="l">0</subfield>
    <subfield code="e">ABD Publisher</subfield>
    <subfield code="r">2024-11-09 00:00:00</subfield>
    <subfield code="w">2024-11-09</subfield>
    <subfield code="y">BK</subfield>
    <subfield code="0">0</subfield>
    <subfield code="4">0</subfield>
    <subfield code="7">0</subfield>
    <subfield code="a">MIETLIB</subfield>
    <subfield code="b">MIETLIB</subfield>
    <subfield code="c">197/5</subfield>
    <subfield code="d">2024-11-26</subfield>
    <subfield code="1">0</subfield>
    <subfield code="H">BE</subfield>
  </datafield>
  <datafield tag="952" ind1=" " ind2=" ">
    <subfield code="p">BE 24884</subfield>
    <subfield code="g">660.00</subfield>
    <subfield code="i">26-10-2024</subfield>
    <subfield code="l">1</subfield>
    <subfield code="e">ABD Publisher</subfield>
    <subfield code="q">2026-09-18</subfield>
    <subfield code="r">2026-06-10 12:29:50</subfield>
    <subfield code="s">2026-06-10</subfield>
    <subfield code="w">2024-11-09</subfield>
    <subfield code="y">BK</subfield>
    <subfield code="0">0</subfield>
    <subfield code="4">0</subfield>
    <subfield code="7">0</subfield>
    <subfield code="a">MIETLIB</subfield>
    <subfield code="b">MIETLIB</subfield>
    <subfield code="c">197/5</subfield>
    <subfield code="d">2024-11-26</subfield>
    <subfield code="1">0</subfield>
    <subfield code="H">BE</subfield>
  </datafield>
</record>
